Statistics for Smallest Neighbouring Countries #2

Click here to take the quiz!

General Stats

  • This quiz has been taken 28 times
  • The average score is 26 of 28

Answer Stats

Country ...and it's smallest neighbour % Correct
UkraineMoldova
100%
TunisiaLibya
100%
VietnamCambodia
100%
GermanyLuxembourg
100%
UgandaRwanda
100%
PakistanAfghanistan
100%
IndiaBhutan
100%
Saudi ArabiaQatar
100%
South KoreaNorth Korea
100%
FinlandNorway
94%
LiechtensteinSwitzerland
94%
United KingdomIreland
94%
YemenOman
94%
SomaliaDjibouti
94%
BrazilSuriname
94%
CanadaUnited States
94%
KazakhstanKyrgyzstan
94%
EstoniaLatvia
94%
GreeceMacedonia
94%
GuatemalaEl Salvador
94%
ParaguayBolivia
88%
PolandSlovakia
88%
Burkina FasoTogo
88%
CroatiaSlovenia
88%
SudanEritrea
88%
SenegalGambia
88%
GuineaGuinea-Bissau
88%
IranArmenia
81%

Score Distribution

Percentile by Number Answered

Percent of People with Each Score

Your Score History

You have not taken this quiz